Kraje mające dostęp do Atlantyku - Statystyki

Ogólne statystyki
  • Ten quiz został rozwiązany 203 razy
  • Średni wynik to 55 z 94
Statystyki odpowiedzi
Kontynent Kraj % Poprawnych
Ameryka Północna Kanada
95%
Europa Francja
86%
Ameryka Północna Meksyk
86%
Ameryka Północna Stany
86%
Europa Hiszpania
85%
Ameryka Południowa Brazylia
84%
Europa Irlandia
83%
Europa Portugalia
83%
Europa Wielka Brytania
82%
Europa Norwegia
81%
Europa Polska
81%
Europa Szwecja
81%
Europa Niemcy
80%
Europa Dania
79%
Ameryka Północna Kuba
79%
Europa Włochy
78%
Ameryka Południowa Argentyna
77%
Europa Islandia
76%
Afryka Maroko
75%
Ameryka Północna Panama
74%
Europa Rosja
74%
Ameryka Północna Dominika
71%
Ameryka Północna Haiti
71%
Europa Finlandia
70%
Europa Litwa
70%
Ameryka Północna Dominikana
69%
Europa Holandia
69%
Europa Łotwa
69%
Azja Turcja
69%
Europa Estonia
68%
Ameryka Południowa Gujana
68%
Ameryka Północna Jamajka
68%
Europa Grecja
67%
Ameryka Północna Honduras
66%
Ameryka Północna Kostaryka
66%
Ameryka Północna Nikaragua
66%
Ameryka Południowa Wenezuela
66%
Europa Belgia
65%
Europa Chorwacja
65%
Afryka Egipt
65%
Ameryka Południowa Kolumbia
65%
Ameryka Południowa Surinam
64%
Ameryka Południowa Urugwaj
64%
Afryka Algieria
63%
Ameryka Północna Gwatemala
62%
Afryka Republika Południowej Afryki
62%
Ameryka Północna Belize
61%
Europa Albania
59%
Azja Izrael
59%
Ameryka Północna Bahamy
57%
Ameryka Południowa Chile
57%
Afryka Senegal
57%
Afryka Tunezja
57%
Europa Bośnia
54%
Afryka Libia
54%
Ameryka Północna Trynidad
54%
Europa Monako
52%
Ameryka Północna Antigua
50%
Ameryka Północna Barbados
50%
Europa Słowenia
50%
Europa Bułgaria
49%
Azja Cypr
49%
Afryka Gwinea
48%
Ameryka Północna Saint Lucia
48%
Europa Ukraina
48%
Afryka Gambia
47%
Ameryka Północna Saint Vincent
47%
Afryka Angola
46%
Europa Malta
46%
Ameryka Północna Saint Kitts
46%
Europa Czarnogóra
45%
Azja Liban
45%
Ameryka Północna Grenada
44%
Azja Syria
44%
Afryka Mauretania
43%
Europa Rumunia
43%
Afryka Demokratyczna Republika Konga
42%
Afryka Wybrzeże Kości Słoniowej
42%
Afryka Gabon
41%
Azja Gruzja
41%
Afryka Gwinea Równikowa
39%
Afryka Liberia
39%
Afryka Namibia
39%
Afryka Nigeria
39%
Afryka Kongo
38%
Afryka Togo
38%
Afryka Benin
37%
Afryka Ghana
37%
Afryka Gwinea Bissau
37%
Afryka Kamerun
37%
Afryka Sierra Leone
33%
Afryka Republika zielonego Przylądka
25%
Afryka Wyspy Świętego Tomasza
19%
Ameryka Północna Portoryko
11%
Nie znaleziono quizów pasujących do podanych kryteriów
Rozkład punktacji
Procent ludzi z każdym wynikiem
Percentyl według liczby udzielonych odpowiedzi
Twoja historia wyników
Nie rozwiązałeś tego quizu